|
|
|
|
| LEADER |
00636nam a22001691 4500 |
| 001 |
c000196442 |
| 003 |
CARM |
| 005 |
20021125001700.0 |
| 008 |
851003s1972 iau 0 eng d |
| 019 |
1 |
|
|a 3977304
|
| 100 |
1 |
|
|a Mulford, Charles L.
|
| 245 |
1 |
0 |
|a Role performance in the operating system :
|b civil defense operations in disaster /
|c by C.L.Mulford and others.
|
| 260 |
|
|
|a Ames :
|b Iowa State Univ., Dept. of Sociology,
|c 1972.
|
| 440 |
|
0 |
|a Iowa State University of Science and Technology - Departmen
|
| 650 |
|
0 |
|a Civil defense
|x Sociology.
|
| 082 |
0 |
4 |
|a 363.35
|
| 999 |
f |
f |
|i cd82a200-b7d7-57ad-aadd-f9b98d954a09
|s 012a41b8-058b-5e7a-8ced-bb9b7485cb7f
|